000 01610nam a2200361 c 4500
999 _c38927
_d38927
003 BLK
005 20200722103922.0
008 180408b bul|||||r ||||||| ||bul||
010 _aKNG00042200000
040 _aBLK
041 _aBUL
_cBUL
080 _aФренска литература
_b821.133.1
_x.09(092)
_z821.133.1.09(092)
080 _aЖан-Батист Поклен. Френски драматург, режисьор и актьор
_b929 Молиер, Жан-Батист
_z929 Молиер, Жан-Батист
100 1 _aМокулски, Стефан Стефанович
_eпърви автор
_998658
139 _aМокулски, Стефан Стефанович
_bМ 81
245 1 0 _aМолиер
_bИз История на френската литература : Очерк
_cСтефан Стефанович Мокулски; прев. Димитър Янакиев.
257 _aSUN
260 _bНар. просв.
_c1950
300 _a87 с.
_c17 см
380 _a82
490 1 _aБиблиотека Литературна история и критика
500 _a4 000 тир.
600 1 4 _aМолиер, Жан-Батист
_9276350
650 4 _aФренска литература - критика
_9264940
653 _aфренска литература
653 _aистория на литературата
700 1 _aЯнакиев, Димитър
_eпрев.
_9276349
852 _aЦб І 461
_bЦб
856 4 _qpdf
856 4 _qpdf
942 _cKNG
_n0
_s1
944 _aCR
_c06.02.2016
_kМилена_Ачева
944 _aED
_c06.02.2016
_kМилена_Ачева
999 _d38927